00628nam a22001937a 4500999001900000003000500019005001700024008004100041020001800082038001700100082001700117100004000134245007700174250001300251260002500264300002200289942001200311952011100323 c478614d478614NUST20180606055235.0180606b ||||| |||| 00| 0 eng d a9788126509119 aSNS Library  a546 DOU 2015 aBodie Douglas, Darl McDaniel911046 aConcept and Models of Inorganic Chemistry cBodie Douglas, Darl McDaniel a3rd Ed.  aDelhi bWiley c2015 axviii,928 P.bPb. 2ddccBK 00102ddc4070aSNSbSNSd2018-06-06l3o546 DOU 2015pSNS0002584r2025-06-02s2024-11-22w2018-06-06yBK